| 000 | 00773nam a2200265Ia 4500 | ||
|---|---|---|---|
| 001 | 8649 | ||
| 005 | 20240113234126.0 | ||
| 007 | ta | ||
| 008 | 170225s1997 ii a g b000 u 465 u | ||
| 020 | _a81-7488-515-3 | ||
| 040 | _aCotton College,Assam | ||
| 041 | _a465 | ||
| 082 |
_a371.2 _bKa 16 Sc |
||
| 100 | _aKaushik, Vijaya Kumari . | ||
| 245 | 0 |
_aSchool Administration Organisation / _cVijaya Kumari Kaushik & S.R. Sharma. _hTextual Documents |
|
| 250 | _a1st ed / | ||
| 260 |
_aNew Delhi : _bAnmol Publications , _c1997. |
||
| 300 |
_a305p. : _bill. ; _c21cm. . |
||
| 653 | _aEducation | ||
| 653 | _aSchool Administration-Organisation | ||
| 653 | _aOrganisation-School Administration | ||
| 942 |
_2ddc _cBK |
||
| 999 |
_c8636 _d8636 |
||